000 00470nam a2200181Ia 4500
005 20250508161812.0
008 008 250505s9999 xx 000 0 hin d
037 _aTextual
040 _aFEDL
_beng
_cFEDL
041 _ahin
_2hin
084 _aFH, MIS
_qFEDL
100 _aMishra Thakur Dutt
_9767748
245 0 _aVenisanhar
260 _aAllahabad, India
_bKitab Mahal
_c1955
300 _a96p
942 _cTEXL
_hFH, MIS
999 _c1372296
_d1372296